[Event "Titled Tuesday intern op 02nd Apr Early"]
[Site "Chess.com INT"]
[Date "2024.04.02"]
[Round "5"]
[White "Labussiere, Yago"]
[Black "Hayrapetyan, Edgar"]
[Result "0-1"]
[WhiteElo "2184"]
[BlackElo "2340"]
[PlyCount "34"]
[EventDate "2024.04.02"]
[EventType "swiss (blitz)"]
[EventRounds "11"]
[EventCountry "USA"]
[SourceTitle "CB15_2024"]
[SourceDate "2024.04.10"]
[SourceVersion "1"]
[SourceVersionDate "2024.04.10"]
[SourceQuality "1"]

1. c4 g6 2. Nc3 Bg7 3. d4 c5 4. d5 d6 5. e4 e5 6. h4 h6 7. Be3 Ne7 8. Qd2 Na6 9. f3 Bd7 10. h5 Qa5 11. 0-0-0 0-0-0 12. g4 f5 13. hxg6 fxg4 14. fxg4 Nxg6 15. g5 Nf4 16. Nh3 hxg5 17. Nxg5 Rxh1 0-1

[Event "Titled Tuesday intern op 13th Feb Early"]
[Site "Chess.com INT"]
[Date "2024.02.13"]
[Round "3"]
[White "Hayrapetyan, Edgar"]
[Black "Rustamov, Rustam"]
[Result "1-0"]
[WhiteElo "2343"]
[BlackElo "2261"]
[PlyCount "85"]
[EventDate "2024.02.13"]
[EventType "swiss (blitz)"]
[EventRounds "11"]
[EventCountry "USA"]
[SourceTitle "CB08_2024"]
[SourceDate "2024.02.21"]
[SourceVersion "1"]
[SourceVersionDate "2024.02.21"]
[SourceQuality "1"]

1. e4 c5 2. Nc3 d6 3. d4 cxd4 4. Qxd4 Nc6 5. Qd2 g6 6. b3 Bg7 7. Bb2 Nf6 8. 0-0-0 0-0 9. f3 a5 10. Kb1 Be6 11. g4 Nb4 12. h4 a4 13. Nge2 axb3 14. cxb3 Qa5 15. Nc1 Nd7 16. a3 Nc6 17. h5 Nd4 18. Nd5 Bxd5 19. Qxa5 Rxa5 20. Bxd4 Be6 21. Bxg7 Kxg7 22. Kb2 Ne5 23. Be2 Rc8 24. Nd3 Nxd3+ 25. Bxd3 g5 26. Rc1 Rac5 27. Rxc5 Rxc5 28. b4 Rc7 29. Rc1 Rxc1 30. Kxc1 h6 31. a4 Kf6 32. Kd2 Ke5 33. Ke3 d5 34. exd5 Kxd5 35. a5 Kd6 36. Kd4 Bd7 37. b5 e5+ 38. Kc4 Be6+ 39. Kb4 Kc7 40. Kc5 f6 41. Be4 Bc8 42. b6+ Kd7 43. Bf5+ 1-0

[Event "Titled Tuesday intern op 13th Feb Early"]
[Site "Chess.com INT"]
[Date "2024.02.13"]
[Round "1"]
[White "Van Baar, Esper"]
[Black "Hayrapetyan, Edgar"]
[Result "0-1"]
[WhiteElo "2208"]
[BlackElo "2343"]
[PlyCount "54"]
[EventDate "2024.02.13"]
[EventType "swiss (blitz)"]
[EventRounds "11"]
[EventCountry "USA"]
[SourceTitle "CB08_2024"]
[SourceDate "2024.02.21"]
[SourceVersion "1"]
[SourceVersionDate "2024.02.21"]
[SourceQuality "1"]

1. e4 c5 2. c3 e6 3. d4 cxd4 4. cxd4 Nf6 5. Nc3 d6 6. Nf3 Nc6 7. Bd3 Be7 8. 0-0 0-0 9. a3 b6 10. e5 dxe5 11. dxe5 Nd5 12. Qe2 g6 13. Bd2 Bb7 14. Rfd1 Qd7 15. Be4 Rfd8 16. Bh6 Nxc3 17. bxc3 Qe8 18. Ng5 Rxd1+ 19. Rxd1 Rd8 20. h4 Rxd1+ 21. Qxd1 Qd8 22. Qe2 Bxa3 23. f4 Bc1 24. g3 Qd2 25. Qg4 Qe1+ 26. Kg2 Ba6 27. h5 Be3 0-1

[Event "Titled Tuesday intern op 06th Feb Early"]
[Site "Chess.com INT"]
[Date "2024.02.06"]
[Round "2"]
[White "Cohen, Or"]
[Black "Hayrapetyan, Edgar"]
[Result "0-1"]
[WhiteElo "2211"]
[BlackElo "2343"]
[PlyCount "64"]
[EventDate "2024.02.06"]
[EventType "swiss (blitz)"]
[EventRounds "11"]
[EventCountry "USA"]
[SourceTitle "CB07_2024"]
[SourceDate "2024.02.14"]
[SourceVersion "1"]
[SourceVersionDate "2024.02.14"]
[SourceQuality "1"]

1. Nf3 Nf6 2. c4 e6 3. g3 b6 4. Bg2 Bb7 5. 0-0 Be7 6. Nc3 0-0 7. d4 d5 8. Ne5 Nbd7 9. cxd5 Nxd5 10. Nxd5 exd5 11. Bf4 c5 12. Rc1 Nxe5 13. Bxe5 Qd7 14. dxc5 bxc5 15. Qd2 Rfd8 16. Rfd1 Qe6 17. Bc3 Rac8 18. Ba5 Rd6 19. e3 Ba8 20. b3 Bf6 21. Qe1 h5 22. Qf1 g5 23. Qe2 g4 24. Qe1 h4 25. Bc3 h3 26. Bh1 d4 27. Bxa8 Rxa8 28. exd4 Qd5 29. Qf1 cxd4 30. Bd2 Re8 31. Bf4 Rde6 32. Rd3 Re1 0-1

[Event "Titled Tuesday intern op 06th Feb Early"]
[Site "Chess.com INT"]
[Date "2024.02.06"]
[Round "6"]
[White "Hayrapetyan, Edgar"]
[Black "Wu, Derek"]
[Result "1-0"]
[WhiteElo "2343"]
[BlackElo "2295"]
[PlyCount "135"]
[EventDate "2024.02.06"]
[EventType "swiss (blitz)"]
[EventRounds "11"]
[EventCountry "USA"]
[SourceTitle "CB07_2024"]
[SourceDate "2024.02.14"]
[SourceVersion "1"]
[SourceVersionDate "2024.02.14"]
[SourceQuality "1"]

1. e4 c5 2. Nc3 Nc6 3. Bb5 Nd4 4. Bc4 e6 5. Nge2 a6 6. Nxd4 cxd4 7. Ne2 b5 8. Bb3 Bc5 9. d3 Ne7 10. 0-0 0-0 11. Ng3 Bb7 12. Qg4 Ng6 13. f4 Qh4 14. Qxh4 Nxh4 15. f5 h6 16. Rf4 g5 17. fxg6 Nxg6 18. Rf2 Kh7 19. Nh5 f5 20. exf5 exf5 21. Bd2 Ne5 22. h3 Kg6 23. Nf4+ Kh7 24. Raf1 Rae8 25. Nh5 Kg6 26. Ng3 Rf6 27. Nxf5 Ref8 28. Nh4+ Kg7 29. Rxf6 Rxf6 30. Rxf6 Kxf6 31. Bxh6 a5 32. a3 a4 33. Ba2 Nc6 34. Nf3 b4 35. Nd2 Kg6 36. Ne4 Be7 37. Bc1 d5 38. Bxd5 bxa3 39. bxa3 Kf5 40. h4 Bxh4 41. Nc5 Ke5 42. Be4 Ba8 43. Nxa4 Bd8 44. Nc5 Be7 45. Nb3 Bb7 46. a4 Nd8 47. Bxb7 Nxb7 48. a5 Nd8 49. a6 Nc6 50. g4 Bd8 51. Ba3 Kf4 52. Bc5 Bf6 53. a7 Nxa7 54. Bxa7 Kxg4 55. Bxd4 Bd8 56. Kf2 Kf4 57. Ke2 Kf5 58. Be3 Ke6 59. Nd4+ Kd5 60. c4+ Kc5 61. Ne6+ Kb4 62. Nxd8 Ka5 63. c5 Ka6 64. c6 Kb5 65. c7 Ka4 66. c8Q Kb4 67. Qc4+ Ka5 68. Nb7# 1-0

[Event "Titled Tuesday intern op 06th Feb Late"]
[Site "Chess.com INT"]
[Date "2024.02.06"]
[Round "10"]
[White "Osinovsky, Stepan"]
[Black "Hayrapetyan, Edgar"]
[Result "0-1"]
[WhiteElo "2241"]
[BlackElo "2343"]
[PlyCount "86"]
[EventDate "2024.02.06"]
[EventType "swiss (blitz)"]
[EventRounds "11"]
[EventCountry "USA"]
[SourceTitle "CB07_2024"]
[SourceDate "2024.02.14"]
[SourceVersion "1"]
[SourceVersionDate "2024.02.14"]
[SourceQuality "1"]

1. e4 b6 2. d4 Bb7 3. Bd3 e6 4. Nf3 c5 5. 0-0 Nf6 6. Nc3 cxd4 7. Nxd4 Nc6 8. Nxc6 Bxc6 9. e5 Nd5 10. Ne4 d6 11. exd6 Bxd6 12. Qg4 0-0 13. Bh6 Be5 14. Rad1 f5 15. Qh3 fxe4 16. Qxe6+ Kh8 17. Qxe5 Qf6 18. Bxg7+ Qxg7 19. Qxg7+ Kxg7 20. Bxe4 Rad8 21. c3 Ne7 22. Bxc6 Nxc6 23. g3 Ne5 24. f4 Nc4 25. Rxd8 Rxd8 26. Rf2 Rd1+ 27. Kg2 Rb1 28. b3 Nd6 29. Re2 Kf6 30. g4 Rc1 31. c4 b5 32. cxb5 Nxb5 33. g5+ Kf7 34. h4 Nd4 35. Rd2 Nf5 36. h5 Ke6 37. Re2+ Kf7 38. Re5 Rc2+ 39. Kf3 Nd4+ 40. Ke4 Nc6 41. Rb5 Re2+ 42. Kf5 Nd4+ 43. Kg4 Nxb5 0-1

[Event "Yerevan Margaryan Memorial IM"]
[Site "Yerevan"]
[Date "2024.01.16"]
[Round "9"]
[White "Rostomyan, Mikayel"]
[Black "Hayrapetyan, Edgar"]
[Result "1/2-1/2"]
[WhiteElo "2294"]
[BlackElo "2233"]
[PlyCount "55"]
[EventDate "2024.01.08"]
[EventType "tourn"]
[EventRounds "9"]
[EventCountry "ARM"]
[EventCategory "2"]
[SourceTitle "CB04_2024"]
[SourceDate "2023.10.16"]
[SourceVersion "1"]
[SourceVersionDate "2023.10.16"]
[SourceQuality "1"]

1. d4 Nf6 2. c4 e6 3. Nc3 d5 4. cxd5 exd5 5. Bg5 c6 6. e3 Be7 7. Bd3 0-0 8. Qc2 Nbd7 9. Nge2 Re8 10. 0-0 Nf8 11. Rae1 g6 12. f3 Ne6 13. Bh4 Ng7 14. h3 Nfh5 15. Bf2 Bh4 16. g3 Bg5 17. f4 Bxh3 18. fxg5 Qxg5 19. e4 Rad8 20. Kh2 Bxf1 21. Rxf1 Ne6 22. Bg1 Qg4 23. Be3 Ng5 24. Bxg5 Qxg5 25. Qc1 Qxc1 26. Rxc1 dxe4 27. Nxe4 Kg7 28. Kg2 1/2-1/2

[Event "Yerevan Margaryan Memorial IM"]
[Site "Yerevan"]
[Date "2023.01.11"]
[Round "5"]
[White "Shalamberidze, Akaki"]
[Black "Hayrapetyan, Edgar"]
[Result "1/2-1/2"]
[WhiteElo "2274"]
[BlackElo "2277"]
[PlyCount "37"]
[EventDate "2023.01.08"]
[EventType "tourn"]
[EventRounds "9"]
[EventCountry "ARM"]
[EventCategory "2"]
[SourceTitle "CBM 212 Extra"]
[Source "ChessBase"]
[SourceDate "2023.03.31"]
[SourceVersion "1"]
[SourceVersionDate "2023.03.31"]
[SourceQuality "1"]

1. c4 e6 2. d4 d5 3. Nc3 c5 4. e3 Nc6 5. Nf3 Nf6 6. a3 dxc4 7. Bxc4 a6 8. 0-0 b5 9. Bb3 Bb7 10. Qe2 Qb6 11. Rd1 Rd8 12. h3 cxd4 13. exd4 Nxd4 14. Rxd4 Rxd4 15. Be3 Bc5 16. Bxd4 Bxd4 17. Nxd4 Qxd4 18. Bxe6 0-0 19. Rd1 1/2-1/2

[Event "Yerevan Margaryan Memorial IM"]
[Site "Yerevan"]
[Date "2023.01.10"]
[Round "4"]
[White "Hayrapetyan, Edgar"]
[Black "Averin, Nikolay"]
[Result "0-1"]
[WhiteElo "2277"]
[BlackElo "2323"]
[PlyCount "42"]
[EventDate "2023.01.08"]
[EventType "tourn"]
[EventRounds "9"]
[EventCountry "ARM"]
[EventCategory "2"]
[SourceTitle "CBM 212 Extra"]
[Source "ChessBase"]
[SourceDate "2023.03.31"]
[SourceVersion "1"]
[SourceVersionDate "2023.03.31"]
[SourceQuality "1"]

1. d4 d5 2. c4 e6 3. Nc3 Nf6 4. Bg5 Be7 5. Nf3 0-0 6. e3 Nbd7 7. Qc2 a6 8. cxd5 exd5 9. Bd3 c6 10. 0-0 h6 11. Bh4 Ne8 12. Bg3 Bd6 13. Rab1 Bxg3 14. hxg3 Nd6 15. Rfc1 Nb6 16. Ne5 Be6 17. Ne2 Re8 18. Nf4 Nd7 19. b4 Nxe5 20. dxe5 Nb5 21. Qb2 Bd7 0-1

[Event "Yerevan Margaryan Memorial IM"]
[Site "Yerevan"]
[Date "2023.01.09"]
[Round "2"]
[White "Hayrapetyan, Edgar"]
[Black "Agasarov, Benik"]
[Result "0-1"]
[WhiteElo "2277"]
[BlackElo "2249"]
[PlyCount "76"]
[EventDate "2023.01.08"]
[EventType "tourn"]
[EventRounds "9"]
[EventCountry "ARM"]
[EventCategory "2"]
[SourceTitle "CBM 212 Extra"]
[Source "ChessBase"]
[SourceDate "2023.03.31"]
[SourceVersion "1"]
[SourceVersionDate "2023.03.31"]
[SourceQuality "1"]

1. d4 Nf6 2. c4 e6 3. Nf3 d5 4. Nc3 Bb4 5. Bg5 Nbd7 6. e3 c5 7. cxd5 exd5 8. Be2 Bxc3+ 9. bxc3 c4 10. Qc2 Qe7 11. Nd2 h6 12. Bh4 Qe6 13. 0-0 0-0 14. Rfe1 Re8 15. e4 dxe4 16. Bxc4 Qg4 17. Bg3 Nb6 18. Be2 Qg6 19. Nf1 Be6 20. Ne3 Rac8 21. Qb2 Nfd5 22. Bb5 Red8 23. Rac1 Nxe3 24. Rxe3 Bc4 25. Ree1 a6 26. Bxc4 Rxc4 27. Rb1 Na4 28. Qxb7 Nxc3 29. Rb6 Qg5 30. Qxa6 Qd2 31. Rf1 Ne2+ 32. Kh1 Rc1 33. Rb1 Rxb1 34. Rxb1 Rxd4 35. Rf1 Qd3 36. Qxd3 exd3 37. Rd1 d2 38. Be5 Nc3 0-1

[Event "EU-ch U10 27th"]
[Site "Mamaia"]
[Date "2017.09.07"]
[Round "3"]
[White "Stan, Anghel Cristian"]
[Black "Hayrapetyan, Edgar"]
[Result "0-1"]
[WhiteElo "1188"]
[BlackElo "1370"]
[PlyCount "54"]
[EventDate "2017.09.05"]
[EventType "swiss"]
[EventRounds "9"]
[EventCountry "ROU"]
[SourceTitle "CBM 180 Extra"]
[Source "ChessBase"]
[SourceDate "2017.10.06"]
[SourceVersion "1"]
[SourceVersionDate "2017.10.06"]
[SourceQuality "1"]

1. d4 Nf6 2. Nf3 g6 3. e4 Bg7 4. Bd3 d6 5. 0-0 0-0 6. Nbd2 Nbd7 7. c4 e5 8. d5 Ne8 9. b4 f5 10. Ne1 f4 11. Qf3 Ndf6 12. h3 g5 13. Qd1 h5 14. Be2 g4 15. h4 Kh8 16. Nb3 Bh6 17. Ba3 Rg8 18. Kh1 Qd7 19. Rg1 f3 20. Bf1 fxg2+ 21. Bxg2 Qe7 22. Rf1 Nh7 23. c5 Qxh4+ 24. Kg1 Bf4 25. f3 Bh2+ 26. Kh1 Bg3+ 27. Kg1 Qh2# 0-1